Software agents
Αποθηκεύτηκε σε:
| Άλλοι συγγραφείς: | |
|---|---|
| Μορφή: | Βιβλίο |
| Γλώσσα: | English |
| Δημοσίευση: |
Menlo Park, Calif. : Cambridge, Mass :
AAAI Press, MIT Press,
c1997
|
| Θέματα: | |
| Ετικέτες: |
Προσθήκη ετικέτας
Δεν υπάρχουν, Καταχωρήστε ετικέτα πρώτοι!
|
MARC
| LEADER | 00000nam a2200000 i 4500 | ||
|---|---|---|---|
| 001 | 1/56409 | ||
| 008 | 990304s1997 eng d | ||
| 020 | |a 0-262-52234-9 | ||
| 035 | |l 10045552 | ||
| 040 | |a GR-MY-UA |b gre |e aacr | ||
| 041 | 0 | |a eng | |
| 082 | 0 | |a 006.3 |2 (21) | |
| 245 | 1 | 0 | |a Software agents / |c edited by Jeffrey M. Bradshaw |
| 260 | |a Menlo Park, Calif. : |a Cambridge, Mass : |b AAAI Press, |b MIT Press, |c c1997 | ||
| 300 | |a x, 480 σ.; |b εικ.; |c 23 εκ. | ||
| 504 | |a Περιλαμβάνει βιβλιογραφίες και ευρετήριο. | ||
| 650 | 0 | 0 | |a Intelligent agents (Computer software) |
| 700 | 1 | |a Bradshaw, Jeffrey M. |4 edt | |
| 852 | |a INST |b CHIOS |e 20000419 |h 006.3 SOF |p 005200018290 |q 005200018290 |t BK |y 0 | ||
| 852 | |a INST |b SAMOS |e 19990304 |h 006.3 BRA |p 005300013178 |q 005300013178 |t BK |y 0 | ||
| 852 | |a INST |b SAMOS |e 19991105 |h 006.3 BRA |p 005300013741 |q 005300013741 |t BK |y 0 | ||
| 852 | |a INST |b SAMOS |e 19991105 |h 006.3 BRA |p 005300017016 |q 005300017016 |t BK |y 0 | ||
| 852 | |a INST |b SYROS |e 20041104 |h 006.3 SOF |p 005500004117 |q 005500004117 |t BK |y 0 | ||
| 901 | |a BIBL5-2004-3 | ||
| 901 | |a BIBL3 1999-1 | ||
| 901 | |a BIBL3-1999-3 | ||
| 901 | |a BIBL2-2000-1 | ||
| 909 | |a Ε |b 115732 | ||
| 909 | |a Σ |b 060284 | ||
| 909 | |a Σ |b 063139 | ||
| 909 | |a Σ |b 067344 | ||
| 909 | |a Χ |b 076630 | ||
| 920 | |a ΔΙΕΥΡΥΝΣΗ |b ΕΠΕΑΕΚ-ΤΜΣΠΣ |y ΣΥΡΟΣ |z 2004-10 | ||
| 922 | |a 2ΕΛΗ |b 200003 |c ΤΔΕ |d ΠΑΠΑΣΩΤΗΡΙΟΥ | ||
| 922 | |a 3ΕΛΗ |b 199810 |c ΤΠΕΣ |d ΠΑΠΑΣΩΤΗΡΙΟΥ | ||
| 922 | |a 3ΕΛΗ |b 199901 |c ΕΠΕΑΕΚ/ΜΑΘ |d GLORY | ||
| 922 | |a 3ΕΛΗ |b 199907 |c ΕΠΕΑΕΚ/ΜΑΘ |d ΠΑΠΑΣΩΤΗΡΙΟΥ | ||
| 950 | |a 112-1999-11-03 | ||
| 970 | |a ΠΟΥΡΝΑΡΑΣ |b ΔΗΜΗΤΡΗΣ |z 1999/11/05 | ||